[Event "Stuttgarter Stadtmeisterschaft A"]
[Site "Ditzingen"]
[Date "2008.05.02"]
[Round "4.45"]
[White "Stegmaier, Michael"]
[Black "Maissenbacher, Werner"]
[Result "1/2-1/2"]
[WhiteElo "1802"]
[BlackElo "1948"]
[PlyCount "45"]
[EventDate "2008.05.??"]
[EventType "swiss"]
[EventRounds "7"]
[EventCountry "GER"]

1. Nf3 Nf6 2. c4 g6 3. Nc3 Bg7 4. g3 d6 5. Bg2 O-O 6. O-O e5 7. d4 Nc6 8. dxe5
dxe5 9. Bg5 h6 10. Bxf6 Qxf6 11. Nd5 Qd6 12. Nd2 f5 13. Rc1 Be6 14. c5 Qd7 15.
e4 fxe4 16. Nc3 e3 17. fxe3 Rxf1+ 18. Nxf1 Qe7 19. Bd5 Rd8 20. Bxe6+ Qxe6 21.
Nd2 Qf5 22. Qb3+ Kh7 23. Nde4 1/2-1/2

[Event "Stuttgarter Stadtmeisterschaft A"]
[Site "Ditzingen"]
[Date "2008.05.02"]
[Round "4.46"]
[White "Kreiter, Thomas"]
[Black "Heeke, Guido"]
[Result "1/2-1/2"]
[WhiteElo "1781"]
[BlackElo "1944"]
[PlyCount "92"]
[EventDate "2008.05.??"]
[EventType "swiss"]
[EventRounds "7"]
[EventCountry "GER"]

1. Nf3 g6 2. d4 f5 3. g3 Nf6 4. Bg2 Bg7 5. O-O O-O 6. b4 h6 7. Bb2 d6 8. c4 c6
9. Qc2 Qe8 10. Nbd2 Nbd7 11. Rad1 e5 12. dxe5 dxe5 13. c5 e4 14. Nd4 Kh7 15.
Nc4 Nd5 16. a3 Ne5 17. Nd6 Qe7 18. e3 h5 19. h4 Bh6 20. Bh3 Rb8 21. Qb3 Nd3 22.
Ne2 Bxe3 23. fxe3 Nxe3 24. Ba1 Nxd1 25. Qxd1 Be6 26. Nf4 Nxf4 27. Rxf4 Rbd8 28.
Bd4 Rxd6 29. cxd6 Qxd6 30. Qa1 Rd8 31. Bf6 Rd7 32. Bf1 Qd2 33. Bc3 Qe3+ 34. Kg2
Bb3 35. Qe1 Qb6 36. Qf2 e3 37. Qb2 Bd5+ 38. Kh2 Be4 39. Bg2 Bxg2 40. Kxg2 Qb5
41. Rd4 Re7 42. Rd8 g5 43. Rh8+ Kg6 44. Rg8+ Kh7 45. Rh8+ Kg6 46. Rg8+ Kh7
1/2-1/2

[Event "Stuttgarter Stadtmeisterschaft A"]
[Site "Ditzingen"]
[Date "2008.05.02"]
[Round "4.47"]
[White "Srokovskiy, Alexander"]
[Black "Renke, Mathias"]
[Result "0-1"]
[WhiteElo "1765"]
[BlackElo "1933"]
[PlyCount "60"]
[EventDate "2008.05.??"]
[EventType "swiss"]
[EventRounds "7"]
[EventCountry "GER"]

1. e4 c6 2. d4 d5 3. e5 g6 4. c4 Nh6 5. Nc3 Bg7 6. Qb3 dxc4 7. Bxc4 O-O 8. Nge2
b5 9. Nxb5 cxb5 10. Bd5 Be6 11. Bxe6 fxe6 12. Qxe6+ Kh8 13. Bg5 Re8 14. Rc1 Nd7
15. Bxh6 Bxh6 16. Rc3 Nf8 17. Qf7 Rc8 18. Rh3 Qa5+ 19. Kf1 Qd2 20. g3 Qd1+ 21.
Kg2 Qxe2 22. Rxh6 Qe4+ 23. Qf3 Qxd4 24. Re1 Rc5 25. Re4 Qd5 26. e6 Rc4 27. Rhh4
Rxe4 28. Rxe4 Nxe6 29. Qc3+ Kg8 30. f3 Rd8 0-1

[Event "Stuttgarter Stadtmeisterschaft A"]
[Site "Ditzingen"]
[Date "2008.05.02"]
[Round "4.48"]
[White "Hittinger, Immanuel"]
[Black "Herbst, Rudolf"]
[Result "1/2-1/2"]
[WhiteElo "1928"]
[BlackElo "1761"]
[PlyCount "125"]
[EventDate "2008.05.??"]
[EventType "swiss"]
[EventRounds "7"]
[EventCountry "GER"]

1. d4 d5 2. c4 c6 3. Nf3 Nf6 4. e3 e6 5. Nc3 Nbd7 6. Qc2 Bd6 7. Be2 dxc4 8.
Bxc4 O-O 9. O-O e5 10. h3 exd4 11. Nxd4 Ne5 12. Be2 Bb8 13. Rd1 Qc7 14. b3 Ng6
15. Nf3 Rd8 16. Ba3 Be6 17. Rxd8+ Qxd8 18. Rd1 Qe8 19. Nd4 Bc7 20. Ncb5 Qc8 21.
Nxe6 fxe6 22. Nxc7 Qxc7 23. Bc4 Qf7 24. Rd6 Re8 25. Rd4 Ne5 26. Be2 Nd5 27. Bd6
Nd7 28. Bf3 e5 29. Rd2 Qe6 30. Ba3 e4 31. Bg4 Qf7 32. Bxd7 Qxd7 33. Rd4 Qf5 34.
Qc5 a6 35. Qa7 Nc3 36. Kf1 Nb5 37. Qxb7 Nxa3 38. Qxc6 Qb5+ 39. Qxb5 Nxb5 40.
Ra4 Re6 41. Rc4 Kf7 42. Ke2 Na7 43. f3 exf3+ 44. gxf3 Rc6 45. Rb4 Nb5 46. a4
Nc3+ 47. Kd3 Nd5 48. Rb7+ Rc7 49. Rb8 h6 50. h4 Rd7 51. Kd4 Nf4+ 52. Kc5 Ng6
53. h5 Ne5 54. f4 Nd3+ 55. Kc4 Nf2 56. Ra8 Rd6 57. Kc5 Ne4+ 58. Kc4 Nd2+ 59.
Kc3 Ne4+ 60. Kc4 Nd2+ 61. Kc3 Ne4+ 62. Kc4 Nd2+ 63. Kc3 1/2-1/2

[Event "Stuttgarter Stadtmeisterschaft A"]
[Site "Ditzingen"]
[Date "2008.05.02"]
[Round "4.50"]
[White "Lörincz, Benjamin"]
[Black "Fahnenschmidt, Gerhard"]
[Result "0-1"]
[WhiteElo "1935"]
[BlackElo "2101"]
[PlyCount "68"]
[EventDate "2008.05.??"]
[EventType "swiss"]
[EventRounds "7"]
[EventCountry "GER"]

1. d4 Nf6 2. c4 e6 3. Nc3 Bb4 4. Qc2 c5 5. e3 Nc6 6. Nf3 d5 7. a3 Bxc3+ 8. bxc3
O-O 9. Bd3 Qc7 10. O-O dxc4 11. Bxc4 e5 12. Bb5 e4 13. Nd2 Bf5 14. Bb2 Rac8 15.
Bxc6 Qxc6 16. c4 cxd4 17. exd4 Qd7 18. Qb3 Rc6 19. Rae1 Rfc8 20. f3 Rb6 21. Qa2
exf3 22. Nxf3 Ng4 23. Ne5 Nxe5 24. Rxe5 Bd3 25. Rfe1 h6 26. c5 Rg6 27. Qd5 Qb5
28. Bc3 Rf8 29. Re7 b6 30. Rxa7 Bc4 31. Qd7 Qb3 32. Bb4 Qf3 33. g3 Bd5 34. Qh3
Rf6 0-1

[Event "Stuttgarter Stadtmeisterschaft A"]
[Site "Ditzingen"]
[Date "2008.05.02"]
[Round "4.51"]
[White "Häußler, Frank"]
[Black "Weißbeck, Simon"]
[Result "1-0"]
[WhiteElo "2030"]
[BlackElo "1831"]
[PlyCount "69"]
[EventDate "2008.05.??"]
[EventType "swiss"]
[EventRounds "7"]
[EventCountry "GER"]

1. d4 Nf6 2. c4 g6 3. Nc3 Bg7 4. e4 d6 5. f4 O-O 6. Nf3 c5 7. d5 e6 8. Be2 exd5
9. cxd5 Re8 10. e5 dxe5 11. fxe5 Ng4 12. Bg5 f6 13. exf6 Bxf6 14. Qd2 Bxg5 15.
Qxg5 Qxg5 16. Nxg5 Ne3 17. Kf2 Bf5 18. h3 h5 19. Bf3 Na6 20. Nge4 Bxe4 21. Bxe4
Nf5 22. g4 Nd4 23. Bxg6 Rf8+ 24. Kg2 hxg4 25. hxg4 Rf4 26. Kg3 Raf8 27. Bf5
Rf3+ 28. Kg2 Re3 29. Raf1 Nxf5 30. Rxf5 Rxf5 31. gxf5 Rd3 32. Ne4 Nb4 33. d6
Nd5 34. Kf2 Kg7 35. Nxc5 1-0

[Event "Stuttgarter Stadtmeisterschaft A"]
[Site "Ditzingen"]
[Date "2008.05.02"]
[Round "4.52"]
[White "Hoffmann, Ekkehard"]
[Black "Bacquele, Fabrice"]
[Result "1/2-1/2"]
[WhiteElo "2002"]
[BlackElo "1626"]
[PlyCount "45"]
[EventDate "2008.05.??"]
[EventType "swiss"]
[EventRounds "7"]
[EventCountry "GER"]

1. e4 c5 2. Nc3 Nc6 3. f4 e6 4. Nf3 Nd4 5. d3 Ne7 6. Nxd4 cxd4 7. Ne2 Nc6 8. c3
dxc3 9. bxc3 d5 10. Ng3 Be7 11. d4 O-O 12. Bd3 Bd7 13. O-O Rc8 14. e5 f5 15.
exf6 Bxf6 16. Ba3 Rf7 17. Nh5 Na5 18. Rf3 g6 19. Nxf6+ Qxf6 20. Bd6 Nc4 21. Be5
Nxe5 22. fxe5 Qe7 23. Rxf7 1/2-1/2

[Event "Stuttgarter Stadtmeisterschaft A"]
[Site "Ditzingen"]
[Date "2008.05.02"]
[Round "4.53"]
[White "Seifert, Martin"]
[Black "Diele, Ralf"]
[Result "0-1"]
[WhiteElo "1932"]
[BlackElo "1965"]
[PlyCount "60"]
[EventDate "2008.05.??"]
[EventType "swiss"]
[EventRounds "7"]
[EventCountry "GER"]

1. e4 d5 2. exd5 Qxd5 3. Nc3 Qd8 4. d4 g6 5. Nf3 Bg7 6. Bc4 Nh6 7. Ne4 O-O 8.
O-O Nf5 9. c3 Nd6 10. Nxd6 cxd6 11. Bb3 Nc6 12. Re1 Qc7 13. h3 Na5 14. Bg5 e6
15. Bc2 Bd7 16. Nd2 b5 17. Ne4 f6 18. Bh4 Bc6 19. Bg3 e5 20. dxe5 dxe5 21. f4
exf4 22. Bf2 Rad8 23. Qc1 Rfe8 24. Bd4 Bxe4 25. Bxe4 Kh8 26. Bd3 a6 27. Qc2 Nc6
28. Bf2 Ne5 29. Be2 Qc6 30. Bd4 Rxd4 0-1

[Event "Stuttgarter Stadtmeisterschaft A"]
[Site "Ditzingen"]
[Date "2008.05.02"]
[Round "4.54"]
[White "Stoll, Guido"]
[Black "Schmid, Eugen"]
[Result "1-0"]
[WhiteElo "1914"]
[BlackElo "1960"]
[Annotator "Diringer,J"]
[PlyCount "107"]
[EventDate "2008.05.??"]
[EventType "swiss"]
[EventRounds "7"]
[EventCountry "GER"]

1. Nf3 Nf6 2. g3 g6 3. Bg2 Bg7 4. O-O O-O 5. d3 d5 6. Nbd2 c5 7. e4 Nc6 8. Re1
h6 9. Nh4 Be6 10. e5 Ne8 11. f4 Qd7 12. Nb3 b6 13. a4 a5 14. Nd2 Nc7 15. Nhf3
Rad8 16. c3 Bg4 17. Qb3 Rb8 18. Kf2 Bf5 19. Bf1 Rfd8 20. Nh4 Bh3 21. Bg2 Bxg2
22. Nxg2 Qf5 23. Qd1 Qxd3 24. Re3 Qf5 25. g4 Qd7 26. Qf3 d4 27. Rd3 Qe8 28. Nc4
Nd5 29. Qe4 Qd7 30. f5 Kh7 31. Nh4 Qe8 32. e6 Nf6 33. Qf3 fxe6 34. fxg6+ Kg8
35. Bf4 e5 36. Nxe5 Nxe5 37. Bxe5 Rbc8 38. Re1 dxc3 39. Rxc3 Rd2+ 40. Re2 Rcd8
41. Qf4 Rxe2+ 42. Kxe2 Qd7 43. Qc4+ Kh8 44. Rd3 Qxd3+ 45. Qxd3 Rxd3 46. Kxd3
Nxg4 47. Bc7 Bxb2 48. Bxb6 Ne5+ 49. Ke4 c4 50. Nf5 Nxg6 51. Nxh6 Kg7 52. Nf5+
Kf7 53. Ne3 c3 54. Bxa5 {Rest unvollstaendig} 1-0

[Event "Stuttgarter Stadtmeisterschaft A"]
[Site "Ditzingen"]
[Date "2008.05.02"]
[Round "4.55"]
[White "Bergner, Philipp"]
[Black "Ferstl, Manfred"]
[Result "1/2-1/2"]
[WhiteElo "1749"]
[BlackElo "2021"]
[PlyCount "35"]
[EventDate "2008.05.??"]
[EventType "swiss"]
[EventRounds "7"]
[EventCountry "GER"]

1. d4 Nf6 2. c4 e5 3. dxe5 Ne4 4. Nf3 Nc6 5. Nbd2 Bb4 6. a3 Nxd2 7. Bxd2 Bxd2+
8. Qxd2 Qe7 9. Qc3 O-O 10. e3 Re8 11. Be2 b6 12. O-O Bb7 13. Rfd1 Rad8 14. Rd2
Nxe5 15. Nxe5 Qxe5 16. Qxe5 Rxe5 17. Rad1 d6 18. Bf3 1/2-1/2

[Event "Stuttgarter Stadtmeisterschaft A"]
[Site "Ditzingen"]
[Date "2008.05.02"]
[Round "4.56"]
[White "Schlachetzki, Horst"]
[Black "Felser, Martin"]
[Result "0-1"]
[WhiteElo "1968"]
[BlackElo "1963"]
[PlyCount "102"]
[EventDate "2008.05.??"]
[EventType "swiss"]
[EventRounds "7"]
[EventCountry "GER"]

1. e4 c6 2. d4 d5 3. Nc3 dxe4 4. Nxe4 Nd7 5. Ng5 Ngf6 6. Bc4 e6 7. Qe2 Nb6 8.
Bb3 Be7 9. N1f3 h6 10. Nxf7 Kxf7 11. Ne5+ Kg8 12. Ng6 Nbd5 13. O-O Qe8 14. Nxh8
Kxh8 15. c4 Nc7 16. Bf4 Qd7 17. Be5 Nce8 18. Rad1 Bd6 19. f4 Qe7 20. Bc2 c5 21.
Kh1 Bd7 22. Rfe1 cxd4 23. Bxd4 Bxf4 24. Qf3 Bd6 25. Qxb7 Rc8 26. b3 Rc7 27. Qf3
e5 28. Qd3 e4 29. Qe3 Bf5 30. h3 Bc5 31. Qf4 Bh7 32. Bc3 Bd6 33. Qe3 Bc5 34.
Qe2 Nd6 35. g4 Nf7 36. Rf1 Rc6 37. b4 Bxb4 38. Bd4 Bc5 39. Bc3 Bb4 40. Ba4 Re6
41. Bxf6 Rxf6 42. Rd7 Qe6 43. Rxa7 Bg6 44. Bd7 Qe5 45. Ra8+ Kh7 46. Re8 Qg3 47.
Qg2 Rxf1+ 48. Qxf1 Ne5 49. Bf5 Nf3 50. Bxg6+ Kxg6 51. Qg2 Qe1+ 0-1

[Event "Stuttgarter Stadtmeisterschaft A"]
[Site "Ditzingen"]
[Date "2008.05.02"]
[Round "4.57"]
[White "Wolff, Cascal"]
[Black "Streiter, Manfred"]
[Result "0-1"]
[WhiteElo "1832"]
[BlackElo "1968"]
[PlyCount "102"]
[EventDate "2008.05.??"]
[EventType "swiss"]
[EventRounds "7"]
[EventCountry "GER"]

1. f4 d5 2. Nf3 Nf6 3. e3 g6 4. b3 Bg7 5. Bb2 O-O 6. Be2 c5 7. O-O Bf5 8. a4
Qc7 9. Ra2 Nc6 10. d3 Nb4 11. Ra1 Ng4 12. Qc1 Bxb2 13. Qxb2 Nxe3 14. Rc1 Qxf4
15. Qc3 Rac8 16. Nbd2 d4 17. Qb2 e5 18. Nc4 Nxc4 19. bxc4 Rfe8 20. c3 dxc3 21.
Qxc3 Bxd3 22. Bxd3 Qe3+ 23. Kf1 Qxd3+ 24. Qxd3 Nxd3 25. Rd1 e4 26. Ne1 Ne5 27.
Rac1 Rcd8 28. Rxd8 Rxd8 29. Ke2 f5 30. Rc3 Rd4 31. Nc2 Rxc4 32. Rxc4 Nxc4 33.
h3 Kf7 34. Ne3 Nxe3 35. Kxe3 Kf6 36. h4 Ke5 37. g3 h6 38. a5 b6 39. axb6 axb6
40. Kd2 Kd4 41. h5 g5 42. g4 f4 43. Ke2 b5 44. Kf2 Kd3 45. Kg2 Ke2 46. Kh2 Kf2
47. Kh1 e3 48. Kh2 e2 49. Kh3 e1=R 50. Kh2 Ra1 51. Kh3 Rh1# 0-1

[Event "Stuttgarter Stadtmeisterschaft A"]
[Site "Ditzingen"]
[Date "2008.05.03"]
[Round "5.2"]
[White "Gutman, Lev"]
[Black "Rau, Hannes"]
[Result "1/2-1/2"]
[WhiteElo "2484"]
[BlackElo "2424"]
[PlyCount "138"]
[EventDate "2008.05.??"]
[EventType "swiss"]
[EventRounds "7"]
[EventCountry "GER"]

1. Nf3 c5 2. g3 Nf6 3. Bg2 d5 4. O-O e6 5. d4 Nc6 6. c4 dxc4 7. dxc5 Qxd1 8.
Rxd1 Bxc5 9. Nbd2 Ke7 10. Nxc4 Ne4 11. Be3 Bxe3 12. fxe3 Rd8 13. Nd4 Nxd4 14.
Bxe4 Nc6 15. Bxc6 bxc6 16. Rxd8 Kxd8 17. Ne5 f6 18. Nxc6+ Kd7 19. Na5 Ba6 20.
Rd1+ Kc7 21. Rd2 Kb6 22. Nb3 Bc4 23. Nd4 e5 24. Nf5 g6 25. Ne7 Bxa2 26. b3 Bxb3
27. Rb2 Kc5 28. Rxb3 Kd6 29. Rb7 Re8 30. Nxg6 hxg6 31. Rxa7 Ke6 32. h4 Kf5 33.
Ra4 e4 34. Kg2 Rb8 35. Ra5+ Kg4 36. Ra6 Kf5 37. g4+ Kxg4 38. Rxf6 g5 39. hxg5
Kxg5 40. Rf4 Rb4 41. Kg3 Ra4 42. Rf8 Ra3 43. Kf2 Ra4 44. Rd8 Ra3 45. Rf8 Rb3
46. Rf4 Rb4 47. Ke1 Ra4 48. Kd2 Ra2+ 49. Kc3 Rxe2 50. Kd4 Ra2 51. Rf8 Ra4+ 52.
Ke5 Kg6 53. Rf1 Kg7 54. Rf4 Kg6 55. Rxe4 Ra5+ 56. Kf4 Rf5+ 57. Kg4 Rf1 58. Ra4
Kf7 59. Kg5 Ke6 60. Re4+ Kd5 61. Re8 Rg1+ 62. Kf4 Rf1+ 63. Kg4 Rg1+ 64. Kf3
Rf1+ 65. Ke2 Ra1 66. Rb8 Ke4 67. Rb4+ Ke5 68. Rd4 Ra8 69. Rf4 Ra1 1/2-1/2

[Event "Stuttgarter Stadtmeisterschaft A"]
[Site "Ditzingen"]
[Date "2008.05.03"]
[Round "5.3"]
[White "Hirneise, Jens"]
[Black "Lammers, Markus"]
[Result "0-1"]
[WhiteElo "2202"]
[BlackElo "2371"]
[PlyCount "138"]
[EventDate "2008.05.??"]
[EventType "swiss"]
[EventRounds "7"]
[EventCountry "GER"]

1. e4 c6 2. d4 d5 3. exd5 cxd5 4. c4 Nf6 5. Nc3 Nc6 6. Bg5 e6 7. c5 Bd7 8. Nf3
b6 9. cxb6 Qxb6 10. Bb5 Ne4 11. Bxc6 Bxc6 12. Nxe4 dxe4 13. Ne5 Bb5 14. a3 Bd6
15. Rc1 O-O 16. Be3 Rfd8 17. Qc2 Qb7 18. Qb3 Rac8 19. Rxc8 Rxc8 20. a4 Ba6 21.
Qxb7 Bxb7 22. O-O Bd5 23. Rc1 Ra8 24. Nd7 h6 25. Bd2 Rd8 26. Nc5 g5 27. b4 f5
28. b5 Kf7 29. Ba5 Rc8 30. Rc3 Ke7 31. Nxe4 Rxc3 32. Nxc3 Bb3 33. Kf1 e5 34.
dxe5 Bxe5 35. g3 g4 36. Bb4+ Ke6 37. Ke2 Bxc3 38. Bxc3 Bxa4 39. Ke3 Bxb5 40.
Kf4 Bd3 41. Bg7 h5 42. Kg5 Kd5 43. Kxh5 Kc4 44. Kg5 Be4 45. Kf4 Kd3 46. Ba1 a5
47. Bb2 a4 48. Be5 a3 49. Kg5 a2 50. Kf4 Ke2 51. Bd4 Kd3 52. Be5 Kd2 53. Bf6
Kd1 54. Be5 Ke1 55. Ke3 Kd1 56. Bf6 Bb7 57. Be5 Kc1 58. Bf6 Kb1 59. f3 a1=Q 60.
Bxa1 Kxa1 61. Kf4 Bc8 62. Ke3 Kb2 63. Kf2 Kc3 64. h4 Kd4 65. h5 Ke5 66. Ke3 Be6
67. f4+ Kf6 68. Kd4 Bc8 69. Kd5 Kg7 0-1

[Event "Stuttgarter Stadtmeisterschaft A"]
[Site "Ditzingen"]
[Date "2008.05.03"]
[Round "5.4"]
[White "Luther, Thomas"]
[Black "Raykhman, Alexander"]
[Result "1-0"]
[WhiteElo "2539"]
[BlackElo "2242"]
[PlyCount "109"]
[EventDate "2008.05.??"]
[EventType "swiss"]
[EventRounds "7"]
[EventCountry "GER"]

1. e4 c6 2. d4 d5 3. Nd2 dxe4 4. Nxe4 Bf5 5. Ng3 Bg6 6. h4 h6 7. Nf3 Nd7 8. Bd3
Bxd3 9. Qxd3 e6 10. Bd2 Ngf6 11. O-O-O Be7 12. Kb1 O-O 13. Ne4 c5 14. Nxf6+
Nxf6 15. Rhg1 Qd5 16. g4 Qe4 17. Qxe4 Nxe4 18. Be3 Rfd8 19. g5 hxg5 20. hxg5
Rac8 21. c3 a6 22. g6 fxg6 23. Rxg6 cxd4 24. Bxd4 e5 25. Nxe5 Bc5 26. Rdg1 Rc7
27. Nf3 Bxd4 28. Nxd4 Rf7 29. f3 Nd6 30. a4 Rdd7 31. Ka2 Nf5 32. Nxf5 Rxf5 33.
R1g3 Kf8 34. Rb6 Ke8 35. Rbg6 Rff7 36. Re6+ Kd8 37. Re3 Rd2 38. Rg4 Rf2 39.
Rd4+ Kc7 40. Rdd3 Kb8 41. Ka3 g5 42. a5 Kc7 43. b4 Rg2 44. Re4 Kc8 45. Kb3 Rg3
46. Rc4+ Rc7 47. Rg4 Rh3 48. Rxg5 Rf7 49. Rc5+ Kb8 50. Rd8+ Ka7 51. Rcc8 b5 52.
Ra8+ Kb7 53. Rdb8+ Kc7 54. Rxb5 Rfxf3 55. Ra7+ 1-0

[Event "Stuttgarter Stadtmeisterschaft A"]
[Site "Ditzingen"]
[Date "2008.05.03"]
[Round "5.5"]
[White "Eisenbeiser, Amadeus"]
[Black "Häcker, Alexander"]
[Result "1-0"]
[WhiteElo "2422"]
[BlackElo "2234"]
[PlyCount "143"]
[EventDate "2008.05.??"]
[EventType "swiss"]
[EventRounds "7"]
[EventCountry "GER"]

1. e4 e6 2. c4 d5 3. exd5 exd5 4. d4 Nf6 5. Nc3 Bb4 6. Bd3 O-O 7. Nf3 Bg4 8.
Be3 Nbd7 9. Qb3 Bxc3+ 10. bxc3 dxc4 11. Bxc4 Nb6 12. Bd3 c5 13. Ne5 Be6 14. Qb1
Nbd5 15. Bd2 cxd4 16. cxd4 Nb6 17. Be3 Bd5 18. O-O Rc8 19. a4 h6 20. Bf5 Rc7
21. Rc1 Rxc1+ 22. Qxc1 Be4 23. Bxe4 Nxe4 24. Qb2 Nd6 25. a5 Nd5 26. Qb3 Nxe3
27. fxe3 Qc7 28. a6 bxa6 29. Qa3 Rc8 30. Qxa6 Qc3 31. Qa3 Ne4 32. Qxc3 Rxc3 33.
g3 f6 34. Ng6 Kf7 35. Nf4 Rc7 36. Ra2 Nc3 37. Ra3 Nb1 38. Ra6 Nc3 39. Kf2 Re7
40. Kf3 Rd7 41. Nd3 Nb5 42. Nc5 Re7 43. Ne4 Re6 44. Ra5 a6 45. Nc5 Rc6 46. Rxa6
Rxa6 47. Nxa6 f5 48. Nc5 Nc3 49. g4 g6 50. gxf5 gxf5 51. Nd3 Kf6 52. Nf4 Kg5
53. Ne2 Nd5 54. Ng3 Nb4 55. h4+ Kf6 56. e4 fxe4+ 57. Kxe4 Nc6 58. Nf5 Kg6 59.
d5 Nd8 60. d6 Nc6 61. Kd5 Nd8 62. Ke5 Nc6+ 63. Ke6 Nd8+ 64. Kd7 Nb7 65. Ng3 Kf7
66. Kc7 Nc5 67. d7 Ne6+ 68. Kc8 Kf6 69. Ne4+ Ke7 70. Nc5 Nd8 71. Nd3 Ne6 72.
Nf4 1-0

[Event "Stuttgarter Stadtmeisterschaft A"]
[Site "Ditzingen"]
[Date "2008.05.03"]
[Round "5.6"]
[White "Hirneise, Tobias"]
[Black "Nabavi, Parwis"]
[Result "1/2-1/2"]
[WhiteElo "2382"]
[BlackElo "2185"]
[PlyCount "59"]
[EventDate "2008.05.??"]
[EventType "swiss"]
[EventRounds "7"]
[EventCountry "GER"]

1. e4 c5 2. Nf3 Nc6 3. d4 cxd4 4. Nxd4 Nf6 5. Nc3 d6 6. Be2 e6 7. Be3 Be7 8.
Qd2 a6 9. f4 Qc7 10. O-O-O Bd7 11. g4 b5 12. g5 b4 13. Nd5 exd5 14. gxf6 Bxf6
15. Nxc6 Bxc6 16. exd5 Bb5 17. Bxb5+ axb5 18. Qxb4 Rxa2 19. Qxb5+ Kf8 20. Qc6
Bxb2+ 21. Kd2 Qa5+ 22. Ke2 Ke7 23. Bb6 Qa6+ 24. Kf2 Rc8 25. Rhe1+ Be5 26. Rxe5+
dxe5 27. Bc5+ Kd8 28. Bb6+ Ke7 29. Bc5+ Kd8 30. Bb6+ 1/2-1/2

[Event "Stuttgarter Stadtmeisterschaft A"]
[Site "Ditzingen"]
[Date "2008.05.03"]
[Round "5.8"]
[White "Reefschläger, Helmut"]
[Black "Wolbert, Christian"]
[Result "1/2-1/2"]
[WhiteElo "2295"]
[BlackElo "2171"]
[PlyCount "90"]
[EventDate "2008.05.??"]
[EventType "swiss"]
[EventRounds "7"]
[EventCountry "GER"]

1. d4 Nf6 2. c4 c5 3. d5 b5 4. cxb5 a6 5. bxa6 g6 6. g3 Bxa6 7. Bg2 d6 8. Nc3
Bg7 9. Nf3 O-O 10. O-O Nbd7 11. Qc2 Qa5 12. Rd1 Rfb8 13. Bd2 Ng4 14. h3 Nge5
15. Nxe5 Nxe5 16. Be1 Bc8 17. a4 Qb6 18. Rdb1 Qb3 19. Qxb3 Rxb3 20. Bf1 Bf5 21.
Rc1 Rxb2 22. Kg2 Bh6 23. f4 Nc4 24. Nd1 Rc2 25. Rxc2 Bxc2 26. e3 Bg7 27. Rc1
Bxd1 28. Bxc4 Bxa4 29. Bc3 Bxc3 30. Rxc3 Rb8 31. g4 Rb2+ 32. Kf3 Kg7 33. e4 Bb5
34. Bxb5 Rxb5 35. g5 f6 36. h4 h6 37. e5 fxe5 38. fxe5 hxg5 39. hxg5 Rb4 40.
exd6 exd6 41. Ra3 Rd4 42. Ra7+ Kf8 43. Ra8+ Ke7 44. Ra7+ Kd8 45. Ra8+ Kc7
1/2-1/2

[Event "Stuttgarter Stadtmeisterschaft A"]
[Site "Ditzingen"]
[Date "2008.05.03"]
[Round "5.9"]
[White "Kunz, Konstantin"]
[Black "Kabisch, Thilo"]
[Result "1-0"]
[WhiteElo "2198"]
[BlackElo "2284"]
[PlyCount "85"]
[EventDate "2008.05.??"]
[EventType "swiss"]
[EventRounds "7"]
[EventCountry "GER"]

1. d4 Nf6 2. c4 g6 3. Nc3 Bg7 4. e4 d6 5. h3 O-O 6. Nf3 e5 7. d5 Na6 8. Bg5 h6
9. Be3 Nc5 10. Nd2 a5 11. g4 Bd7 12. Be2 c6 13. h4 cxd5 14. cxd5 b5 15. g5 hxg5
16. hxg5 Nh7 17. Rg1 b4 18. Nb5 Qb8 19. a4 bxa3 20. Nxa3 Ba4 21. Qb1 Rc8 22.
Nac4 Be8 23. b4 Qxb4 24. Nb6 Qc3 25. Nxa8 Rxa8 26. Kf1 Bd7 27. Rg3 a4 28. Ra2
Bf8 29. Nc4 Be7 30. Bxc5 Bh3+ 31. Kg1 Qxg3+ 32. fxg3 dxc5 33. Qb7 Re8 34. Rxa4
Nxg5 35. Nd2 c4 36. Rxc4 Kg7 37. g4 Bd6 38. Rc8 Re7 39. Qb6 Ba3 40. Qe3 Bb2 41.
Qxg5 Ra7 42. Qh4 Bd4+ 43. Kh2 1-0

[Event "Stuttgarter Stadtmeisterschaft A"]
[Site "Ditzingen"]
[Date "2008.05.03"]
[Round "5.10"]
[White "Schlötzer, Waldemar"]
[Black "Gabriel, Josef"]
[Result "1-0"]
[WhiteElo "2268"]
[BlackElo "2148"]
[PlyCount "85"]
[EventDate "2008.05.??"]
[EventType "swiss"]
[EventRounds "7"]
[EventCountry "GER"]

1. d4 f5 2. g3 Nf6 3. Bg2 g6 4. c3 Bg7 5. Qb3 Nc6 6. Nh3 d5 7. Nf4 Na5 8. Qa4+
c6 9. Nd2 Ne4 10. O-O b5 11. Qc2 Nc4 12. b3 Ncxd2 13. Bxd2 O-O 14. Nd3 Qb6 15.
f3 Nxd2 16. Qxd2 e5 17. e3 exd4 18. exd4 a5 19. a3 Bb7 20. Rfe1 b4 21. Ne5 f4
22. Kh1 fxg3 23. hxg3 bxc3 24. Qxc3 Rf5 25. Bh3 Rh5 26. Kg2 Bc8 27. Bxc8 Rxc8
28. Rac1 Rf5 29. Nxc6 Kh8 30. Qe3 Rcf8 31. Rh1 Rxf3 32. Rxh7+ Kxh7 33. Rh1+ Kg8
34. Qe6+ R8f7 35. Ne7+ Kf8 36. Nxg6+ Kg8 37. Qxb6 Rf2+ 38. Kh3 Bf6 39. Kg4 Kg7
40. Nf4 Rd2 41. Nh5+ Kg6 42. Nxf6 Rxf6 43. Rh6+ 1-0

[Event "Stuttgarter Stadtmeisterschaft A"]
[Site "Ditzingen"]
[Date "2008.05.03"]
[Round "5.11"]
[White "Schulte, Torsten"]
[Black "Dudek, Richard"]
[Result "1/2-1/2"]
[WhiteElo "2185"]
[BlackElo "2256"]
[PlyCount "26"]
[EventDate "2008.05.??"]
[EventType "swiss"]
[EventRounds "7"]
[EventCountry "GER"]

1. d4 Nf6 2. c4 e6 3. Nc3 Bb4 4. Bg5 h6 5. Bh4 b6 6. f3 Bb7 7. e4 Be7 8. Bf2 d5
9. Bd3 dxc4 10. Bxc4 O-O 11. Nge2 Ba6 12. Bxa6 Nxa6 13. O-O c5 1/2-1/2

[Event "Stuttgarter Stadtmeisterschaft A"]
[Site "Ditzingen"]
[Date "2008.05.03"]
[Round "5.12"]
[White "Ringoir, Tanguy"]
[Black "Fiderer, Lukas"]
[Result "1-0"]
[WhiteElo "2252"]
[BlackElo "2065"]
[PlyCount "125"]
[EventDate "2008.05.??"]
[EventType "swiss"]
[EventRounds "7"]
[EventCountry "GER"]

1. e4 c5 2. Nf3 d6 3. d4 cxd4 4. Nxd4 Nf6 5. Nc3 a6 6. Bg5 e6 7. f4 Qc7 8. Bxf6
gxf6 9. Qd2 Nc6 10. O-O-O Nxd4 11. Qxd4 Be7 12. Be2 h5 13. Rhf1 Qc5 14. Qd3 Bd7
15. Rf3 O-O-O 16. Rh3 Kb8 17. Kb1 Ka8 18. Bf3 Bc6 19. Qe2 h4 20. Qe1 f5 21.
exf5 Bxf3 22. Rxf3 Qxf5 23. Nd5 exd5 24. Qxe7 Rc8 25. Rf2 Rc4 26. Qxd6 Re8 27.
b3 Qg4 28. Qxd5 Rxf4 29. Rxf4 Qxf4 30. Qd7 Rg8 31. h3 Rxg2 32. Qc8+ Qb8 33. Qc4
Rg8 34. Qxh4 Qc8 35. Rd3 f5 36. Kb2 Qe8 37. Qd4 Qg6 38. h4 Qg7 39. h5 Qxd4+ 40.
Rxd4 Rf8 41. Kc3 f4 42. Kd2 Kb8 43. Ke2 Rf5 44. Rd8+ Kc7 45. Rh8 f3+ 46. Kf2
Kb6 47. h6 Rf6 48. h7 Rf7 49. c4 Ka5 50. a3 b6 51. b4+ Ka4 52. Ra8 Rxh7 53.
Rxa6+ Kb3 54. Rxb6 Kxc4 55. a4 Rh3 56. a5 Kd4 57. a6 Ke4 58. a7 Rh2+ 59. Kg1
Ra2 60. Rb7 Ke3 61. Re7+ Kf4 62. b5 Ra1+ 63. Kh2 1-0

[Event "Stuttgarter Stadtmeisterschaft A"]
[Site "Ditzingen"]
[Date "2008.05.03"]
[Round "5.13"]
[White "Tuncer, Ufuk"]
[Black "Richter, Götz"]
[Result "1-0"]
[WhiteElo "2306"]
[BlackElo "2073"]
[PlyCount "63"]
[EventDate "2008.05.??"]
[EventType "swiss"]
[EventRounds "7"]
[EventCountry "GER"]

1. e4 c5 2. Nf3 d6 3. Bb5+ Bd7 4. Bxd7+ Qxd7 5. c4 Nf6 6. Nc3 g6 7. d4 cxd4 8.
Nxd4 Bg7 9. O-O O-O 10. h3 Rc8 11. Qe2 Nc6 12. Nf3 Na5 13. b3 a6 14. Bb2 Rab8
15. Rfd1 Ne8 16. Nd5 b6 17. Bxg7 Kxg7 18. Qe3 Qb7 19. e5 Nc6 20. exd6 exd6 21.
Qc3+ Kg8 22. Re1 Ng7 23. Nf6+ Kh8 24. Qd2 Nf5 25. Qb2 Ng7 26. Rad1 Rd8 27. Nd4
Ne5 28. f4 Nd7 29. Re7 b5 30. cxb5 axb5 31. Rxf7 Qc8 32. Ne6 1-0